| 000 | 00747nas a2200241 4500 | ||
|---|---|---|---|
| 001 | BR9703235 | ||
| 003 | BR-BrBNA | ||
| 005 | 20231205100336.0 | ||
| 007 | ta | ||
| 008 | 230509b bl.|||p| |||| 00| 00por d | ||
| 040 |
_aBR-BrBNA _bpor _cBiblioteca Nacional de Agricultura |
||
| 041 | _a(Pt) | ||
| 072 | _aF04 | ||
| 100 | 1 | _aMoraes, R.M. de | |
| 100 | 1 | _aDelitti, W.B.C. | |
| 245 | 1 | _aProducao e retorno de nutrientes via serapilheira foliar de Euterpe edulis Mart. em Mata Atlantica de encosta, Ilha do Cardoso, SP | |
| 650 | _aAcai | ||
| 650 | _aNutriente | ||
| 650 | _aSao Paulo | ||
| 773 | 0 |
_tNaturalia (Brazil) _xISSN 0101-1944 _g(1996), v. 21 p. 57-62 _wBR9703235 |
|
| 909 |
_a202311 _bLúcia _c55 _dLúcia Elande |
||
| 942 |
_2AGRIS _n0 _cANA |
||
| 999 |
_c155469 _d155469 |
||